[Event "CCT Play-in Chessable Masters 2024"]
[Site "Online"]
[Date "2024.01.31"]
[Round "4"]
[White "Guliyev, Namig"]
[Black "Matinian, Nikita"]
[Result "1-0"]
[WhiteElo "2506"]
[BlackElo "2418"]
[Annotator "RC"]
[PlyCount "93"]
[EventDate "2024.01.26"]
[EventType "swiss"]
[EventCountry "NET"]
[SourceTitle "playchess.com"]
[Source "ChessBase"]
[SourceQuality "1"]

1. e4 c5 2. Nf3 e6 3. d4 cxd4 4. Nxd4 Nc6 5. Nb5 d6 6. c4 a6 7. Nd4 Nf6 8. Nc3 Be7 9. Be2 O-O 10. O-O Qc7 11. Be3 Ne5 12. Rc1 b6 13. f4 Ng6 14. b3 Re8 15. Qd2 Bf8 16. Bf3 Bb7 17. g3 Rad8 18. Nde2 Bc6 19. Nd5 Qb7 20. Nxf6+ gxf6 21. Nc3 Bg7 22. Bg2 b5 23. cxb5 axb5 24. b4 Ne7 25. a4 bxa4 26. b5 Bd7 27. Ra1 Qb8 28. Rxa4 f5 29. Rb1 Rc8 30. Bd4 e5 31. fxe5 dxe5 32. Bf2 Red8 33. Ra7 Be6 34. Qe1 Ng6 35. b6 Rd4 36. exf5 Bxf5 37. Ra8 Qxa8 38. Bxa8 Rxa8 39. Bxd4 exd4 40. b7 Rb8 41. Nd5 Bxb1 42. Qxb1 d3 43. Kf1 Ne5 44. Qc1 Bf8 45. Qc8 d2 46. Ke2 d1=Q+ 47. Kxd1 1-0

[Event "CCT Play-in Chessable Masters 2024"]
[Site "Online"]
[Date "2024.01.31"]
[Round "4"]
[White "Gharibyan, Mamikon"]
[Black "Khanin, Semen"]
[Result "0-1"]
[WhiteElo "2504"]
[BlackElo "2558"]
[Annotator "RC"]
[PlyCount "148"]
[EventDate "2024.01.26"]
[EventType "swiss"]
[EventCountry "NET"]
[SourceTitle "playchess.com"]
[Source "ChessBase"]
[SourceQuality "1"]

1. e4 e5 2. Nf3 Nc6 3. Bb5 a6 4. Ba4 Nf6 5. O-O Be7 6. d3 b5 7. Bb3 d6 8. Bd2 O-O 9. Re1 Rb8 10. h3 a5 11. a4 b4 12. Be3 d5 13. exd5 Nxd5 14. Nbd2 Nxe3 15. Rxe3 Bc5 16. Re4 Bb7 17. Re1 Ba7 18. Nc4 Qf6 19. c3 Ba8 20. Qc2 bxc3 21. bxc3 Qg6 22. Re4 Kh8 23. Ba2 Rbe8 24. Rae1 f5 25. R4e2 Nd4 26. Nh4 Nf3+ 27. Nxf3 Bxf3 28. Ne3 f4 29. Ng4 Bxe2 30. Qxe2 f3 31. gxf3 h5 32. Kg2 Qg5 33. Rh1 g6 34. h4 Qf4 35. Ne3 Bxe3 36. Qxe3 Qxe3 37. fxe3 Rb8 38. Bd5 Rb2+ 39. Kg3 Rc2 40. Rb1 Rxc3 41. Be4 Ra3 42. Rb5 Rxa4 43. Rxe5 Ra1 44. f4 a4 45. Bxg6 Rg1+ 46. Kf2 Rxg6 47. Rxh5+ Kg7 48. Ra5 Rh8 49. f5 Rf6 50. Kg3 Rd8 51. d4 Re8 52. Kf4 Rh6 53. Ra7 Rxh4+ 54. Kg5 Rhe4 55. Rxc7+ Kh8 56. f6 Rxe3 57. Ra7 a3 58. d5 Rd3 59. Kh6 Rh3+ 60. Kg6 Rg8+ 61. Kf5 Rh5+ 62. Ke6 Re8+ 63. Kf7 Rh7+ 64. Kxe8 Rxa7 65. f7 Rxf7 66. Kxf7 a2 67. d6 a1=Q 68. d7 Qd4 69. Ke8 Qe5+ 70. Kf8 Qd6+ 71. Ke8 Qe6+ 72. Kf8 Qf6+ 73. Ke8 Kg7 74. d8=N Qd6 0-1

[Event "CCT Play-in Chessable Masters 2024"]
[Site "Online"]
[Date "2024.01.31"]
[Round "4"]
[White "Sivuk, Vitaly"]
[Black "Kravtsiv, Martyn"]
[Result "1-0"]
[WhiteElo "2502"]
[BlackElo "2598"]
[Annotator "RC"]
[PlyCount "125"]
[EventDate "2024.01.26"]
[EventType "swiss"]
[EventCountry "NET"]
[SourceTitle "playchess.com"]
[Source "ChessBase"]
[SourceQuality "1"]

1. d4 d5 2. c4 e6 3. Nc3 Nf6 4. cxd5 exd5 5. Bg5 Be7 6. e3 c6 7. Bd3 Nbd7 8. Qc2 Nh5 9. Bxe7 Qxe7 10. Nge2 g6 11. O-O O-O 12. Rae1 Ndf6 13. Nc1 b6 14. f3 c5 15. Qf2 Bb7 16. N1e2 Rae8 17. Bb5 Rc8 18. a3 a6 19. Bd3 Rfe8 20. Ng3 Nxg3 21. hxg3 Qd6 22. g4 Re7 23. g5 Nh5 24. f4 cxd4 25. exd4 Rxe1 26. Qxe1 f5 27. gxf6 Qxf6 28. Qe5 Rf8 29. Qxf6 Nxf6 30. Na4 Nd7 31. f5 Bc6 32. Nc3 gxf5 33. Bxa6 f4 34. Bd3 Rf6 35. Ne2 Nf8 36. Nxf4 Ne6 37. Nxe6 Rxe6 38. Rc1 Kg7 39. Kf2 h6 40. b3 Kf6 41. a4 Ke7 42. Re1 Rxe1 43. Kxe1 Kf6 44. Kf2 Kg5 45. Kf3 Bd7 46. Bc2 h5 47. g3 Bg4+ 48. Ke3 Bd7 49. Bd1 Bc8 50. b4 Bd7 51. a5 bxa5 52. bxa5 Bb5 53. Be2 Bc6 54. a6 Ba8 55. Bf3 Bc6 56. Kd2 h4 57. gxh4+ Kxh4 58. Kc3 Kg3 59. Bh5 Kf4 60. Kb4 Ba8 61. Kc5 Ke3 62. Be8 Ke4 63. a7 1-0

[Event "CCT Play-in Chessable Masters 2024"]
[Site "Online"]
[Date "2024.01.31"]
[Round "4"]
[White "Dronavalli, Harika"]
[Black "Sjugirov, Sanan"]
[Result "1/2-1/2"]
[WhiteElo "2500"]
[BlackElo "2695"]
[Annotator "TA"]
[PlyCount "98"]
[EventDate "2024.01.26"]
[EventType "swiss"]
[EventCountry "NET"]
[SourceTitle "playchess.com"]
[Source "ChessBase"]
[SourceQuality "1"]

1. e4 c5 2. c3 Nf6 3. e5 Nd5 4. d4 cxd4 5. cxd4 d6 6. Nf3 dxe5 7. Nxe5 Nc6 8. Bc4 Be6 9. O-O g6 10. Bb5 Rc8 11. Qa4 Bg7 12. Nxc6 bxc6 13. Bxc6+ Bd7 14. Bxd7+ Qxd7 15. Qxd7+ Kxd7 16. Be3 Rc2 17. Nc3 Nxc3 18. bxc3 Rxc3 19. Rab1 Rhc8 20. Rb7+ R8c7 21. Rfb1 Rxb7 22. Rxb7+ Rc7 23. Rxc7+ Kxc7 24. d5 a5 25. Bc5 e6 26. dxe6 fxe6 27. Kf1 Kc6 28. Be7 Kb5 29. Ke2 Kc4 30. Kd2 a4 31. Bg5 Bd4 32. f3 Bc5 33. Bf6 Bd4 34. Bg5 e5 35. Kc2 Bc5 36. Bf6 Bd6 37. h3 h5 38. Bh4 Bc5 39. Bf6 Bd4 40. Bh4 Be3 41. Be1 Bc5 42. Bc3 Bd6 43. Bb2 Bc7 44. Bc3 Bb8 45. Bb2 Bd6 46. Bc3 Bc7 47. Bb2 Bd6 48. Bc3 Bc7 49. Bb2 Bd6 1/2-1/2

[Event "CCT Play-in Chessable Masters 2024"]
[Site "Online"]
[Date "2024.01.31"]
[Round "4"]
[White "Angry_Twin"]
[Black "Bernadskiy, Vitaliy"]
[Result "1/2-1/2"]
[WhiteElo "2499"]
[BlackElo "2566"]
[Annotator "RC"]
[PlyCount "172"]
[EventDate "2024.01.26"]
[EventType "swiss"]
[EventCountry "NET"]
[SourceTitle "playchess.com"]
[Source "ChessBase"]
[SourceQuality "1"]

1. e4 c6 2. Nf3 d5 3. d3 Bg4 4. h3 Bh5 5. Nc3 e6 6. g4 Bg6 7. h4 h6 8. Qe2 Bb4 9. Bd2 Ne7 10. Ne5 Nd7 11. Nxg6 Nxg6 12. h5 Ne7 13. a3 Ba5 14. f4 dxe4 15. dxe4 e5 16. f5 Nf6 17. O-O-O Qc7 18. Bg2 O-O-O 19. Bf3 Nh7 20. Qc4 Ng8 21. Be3 Rxd1+ 22. Rxd1 Bb6 23. Bd2 Ngf6 24. Na4 Bd4 25. Qb3 Rd8 26. Nc3 Bf2 27. Kb1 Bh4 28. Be3 Rxd1+ 29. Nxd1 Ng5 30. Bxg5 Bxg5 31. Nf2 Qb6 32. Qxb6 axb6 33. Nd3 Nd7 34. c3 Kc7 35. Kc2 b5 36. b4 Kd6 37. Kb3 Nb6 38. Bg2 Nc4 39. a4 Nd2+ 40. Ka3 Nc4+ 41. Kb3 Nd2+ 42. Ka3 bxa4 43. Kxa4 Be3 44. Ka3 b5 45. Kb2 Nc4+ 46. Kc2 Ke7 47. Nb2 Nd6 48. Kd1 Kf6 49. Nd3 Nc4 50. Bf1 Kg5 51. Be2 Kh4 52. Ne1 Kg3 53. Bxc4 bxc4 54. Nc2 Bg1 55. Na3 Kxg4 56. Nxc4 Kf4 57. Nd6 Bb6 58. c4 Ke3 59. c5 Bc7 60. Ne8 Bd8 61. Nd6 Bh4 62. Kc2 Kd4 63. Kb3 Be1 64. b5 Kxc5 65. Nxf7 cxb5 66. Nxe5 Kd4 67. Nf3+ Kxe4 68. Nxe1 Kxf5 69. Kb4 Kg4 70. Kxb5 Kxh5 71. Kc4 Kg4 72. Kd3 Kg3 73. Ke2 g5 74. Kf1 g4 75. Kg1 h5 76. Ng2 Kf3 77. Nh4+ Kg3 78. Ng2 h4 79. Nxh4 Kxh4 80. Kg2 g3 81. Kg1 Kh3 82. Kh1 Kg4 83. Kg2 Kf4 84. Kg1 Kf3 85. Kf1 g2+ 86. Kg1 Kg3 1/2-1/2

[Event "CCT Play-in Chessable Masters 2024"]
[Site "Online"]
[Date "2024.01.31"]
[Round "4"]
[White "Shyam, Sundar M."]
[Black "Nesterov, Arseniy"]
[Result "0-1"]
[WhiteElo "2497"]
[BlackElo "2584"]
[Annotator "RC"]
[PlyCount "68"]
[EventDate "2024.01.26"]
[EventType "swiss"]
[EventCountry "NET"]
[SourceTitle "playchess.com"]
[Source "ChessBase"]
[SourceQuality "1"]

1. e4 e5 2. Nc3 Nf6 3. Bc4 Nc6 4. d3 Na5 5. Bb3 Nxb3 6. axb3 Be7 7. f4 d6 8. Nf3 exf4 9. Bxf4 O-O 10. O-O a6 11. Kh1 h6 12. Qd2 Kh7 13. Rae1 Be6 14. d4 d5 15. e5 Nd7 16. Qd3+ Kh8 17. Qd2 Kh7 18. Ne2 f5 19. Bxh6 gxh6 20. Nf4 Bg5 21. Nxg5+ Qxg5 22. Re3 Rae8 23. Rg3 Qe7 24. Rg6 Bf7 25. Nxd5 Qh4 26. Rf4 Qh5 27. Nf6+ Nxf6 28. Rxf6 Bd5 29. R4xf5 Rxf6 30. Rxf6 Rg8 31. Rf2 Qg6 32. Qe2 b5 33. c4 Bxg2+ 34. Rxg2 Qb1+ 0-1

[Event "CCT Play-in Chessable Masters 2024"]
[Site "Online"]
[Date "2024.01.31"]
[Round "4"]
[White "Frolyanov, Dmitry"]
[Black "Cuenca Jimenez, Jose Fernando"]
[Result "0-1"]
[WhiteElo "2495"]
[BlackElo "2514"]
[Annotator "RC"]
[PlyCount "78"]
[EventDate "2024.01.26"]
[EventType "swiss"]
[EventCountry "NET"]
[SourceTitle "playchess.com"]
[Source "ChessBase"]
[SourceQuality "1"]

1. d4 d5 2. c4 e6 3. Nf3 Nf6 4. g3 dxc4 5. Bg2 c5 6. O-O Nc6 7. dxc5 Qxd1 8. Rxd1 Bxc5 9. Nbd2 c3 10. bxc3 O-O 11. Nb3 Be7 12. Nfd4 Nxd4 13. cxd4 Nd5 14. Bb2 f5 15. Nc5 b6 16. Nd3 Ba6 17. Rac1 Rac8 18. Bf3 Rxc1 19. Rxc1 Bxd3 20. exd3 Bd6 21. a3 Kf7 22. Bd1 Ke7 23. Bb3 Rb8 24. Re1 Kd7 25. a4 Rc8 26. Bc4 Bb4 27. Re2 g6 28. h4 Nc7 29. Kg2 a6 30. d5 exd5 31. Bb3 Bd6 32. h5 Re8 33. Rc2 Be5 34. Ba3 gxh5 35. Rc1 h4 36. gxh4 Rg8+ 37. Kf1 Rg4 38. h5 Bd6 39. Bb2 Rb4 0-1

[Event "CCT Play-in Chessable Masters 2024"]
[Site "Online"]
[Date "2024.01.31"]
[Round "4"]
[White "Zhuu96"]
[Black "Iskusnyh, Sergei"]
[Result "1-0"]
[WhiteElo "2490"]
[BlackElo "2440"]
[Annotator "NA"]
[PlyCount "57"]
[EventDate "2024.01.26"]
[EventType "swiss"]
[EventCountry "NET"]
[SourceTitle "playchess.com"]
[Source "ChessBase"]
[SourceQuality "1"]

1. e4 e6 2. d4 d5 3. Nc3 Nf6 4. e5 Nfd7 5. f4 c5 6. Nf3 Nc6 7. Be3 Rb8 8. Ne2 b5 9. h4 b4 10. h5 Ba6 11. g4 Be7 12. Qd2 cxd4 13. Nexd4 Nxd4 14. Nxd4 Qc8 15. O-O-O Nc5 16. f5 b3 17. axb3 Bxf1 18. Rhxf1 Rxb3 19. fxe6 fxe6 20. Qf2 Rf8 21. Qe2 Rxf1 22. Rxf1 Rb4 23. Qf3 Nd3+ 24. Kd1 Nxe5 25. Qf4 Rxb2 26. Qxe5 Rb1+ 27. Bc1 Ba3 28. Ne2 Qa6 29. Rf3 1-0

[Event "CCT Play-in Chessable Masters 2024"]
[Site "Online"]
[Date "2024.01.31"]
[Round "4"]
[White "Miladinovic, Igor"]
[Black "ElHelvetico"]
[Result "1-0"]
[WhiteElo "2489"]
[BlackElo "2547"]
[Annotator "RC"]
[PlyCount "81"]
[EventDate "2024.01.26"]
[EventType "swiss"]
[EventCountry "NET"]
[SourceTitle "playchess.com"]
[Source "ChessBase"]
[SourceQuality "1"]

1. d4 Nf6 2. c4 e6 3. Nc3 Bb4 4. g3 d5 5. Bg2 O-O 6. cxd5 exd5 7. Nf3 c6 8. O-O Bf5 9. Nh4 Be6 10. Qd3 Re8 11. Bd2 Bf8 12. Rad1 Nbd7 13. Kh1 c5 14. Nf3 Ne4 15. Nxe4 dxe4 16. Qxe4 Bb3 17. Qxb7 Bxd1 18. Rxd1 Rb8 19. Qxa7 Rxe2 20. Bc3 Qe8 21. d5 Rxf2 22. Re1 Qc8 23. Qa4 c4 24. Bd4 Rfxb2 25. Bxb2 Rxb2 26. Rc1 Nb6 27. Qc6 Qf5 28. a4 Qxd5 29. Qxd5 Nxd5 30. Ne5 Ne3 31. Bc6 c3 32. a5 Ra2 33. h3 Rxa5 34. Nd3 c2 35. Kg1 Ra3 36. Bb5 Rb3 37. Kf2 Ba3 38. Ra1 Nd1+ 39. Ke1 Nc3 40. Nc1 Bb2 41. Ra8# 1-0

[Event "CCT Play-in Chessable Masters 2024"]
[Site "Online"]
[Date "2024.01.31"]
[Round "4"]
[White "Troff, Kayden"]
[Black "Jumabayev, Rinat"]
[Result "1-0"]
[WhiteElo "2484"]
[BlackElo "2598"]
[Annotator "RC"]
[PlyCount "131"]
[EventDate "2024.01.26"]
[EventType "swiss"]
[EventCountry "NET"]
[SourceTitle "playchess.com"]
[Source "ChessBase"]
[SourceQuality "1"]

1. d4 Nf6 2. Nf3 e6 3. Bf4 c5 4. e3 cxd4 5. exd4 b6 6. Nbd2 Be7 7. Bd3 O-O 8. Qe2 Bb7 9. c3 Qc8 10. O-O Ba6 11. c4 d5 12. Rac1 Nc6 13. Bg5 Nb4 14. Bb1 dxc4 15. Nxc4 Qd8 16. a3 Nbd5 17. Nfe5 Rc8 18. Rfd1 h6 19. Bh4 Rc7 20. Qd3 Qc8 21. Bxf6 Nxf6 22. Ng4 Rd8 23. Nxf6+ Bxf6 24. b3 b5 25. Qh7+ Kf8 26. d5 bxc4 27. d6 Rxd6 28. Rxd6 Ke7 29. Rcd1 cxb3 30. Qe4 Bc4 31. h4 Qb7 32. Qe3 b2 33. Be4 Qb5 34. Qd2 Be5 35. Rb6 Qe8 36. Qb4+ Kf6 37. f4 axb6 38. fxe5+ Kxe5 39. Qd6+ Kxe4 40. Qxc7 Qb5 41. Qg3 b1=Q 42. Qe1+ Kf5 43. Rxb1 Qc5+ 44. Qf2+ Qxf2+ 45. Kxf2 b5 46. Rb4 Bd3 47. Ke3 Bc4 48. a4 Bd5 49. Rxb5 Kg4 50. a5 Bxg2 51. Rb4+ Kg3 52. a6 g5 53. hxg5 hxg5 54. a7 f5 55. Rb2 f4+ 56. Kd4 Bh1 57. Rb1 Ba8 58. Rg1+ Kh4 59. Ke5 f3 60. Kd4 f2 61. Rf1 g4 62. Rxf2 g3 63. Rf8 g2 64. Rg8 Bd5 65. Ke3 Kh3 66. Kf2 1-0

[Event "CCT Play-in Chessable Masters 2024"]
[Site "Online"]
[Date "2024.01.31"]
[Round "4"]
[White "Pakleza, Zbigniew"]
[Black "frederiksvane"]
[Result "1-0"]
[WhiteElo "2482"]
[BlackElo "2599"]
[Annotator "RC"]
[PlyCount "117"]
[EventDate "2024.01.26"]
[EventType "swiss"]
[EventCountry "NET"]
[SourceTitle "playchess.com"]
[Source "ChessBase"]
[SourceQuality "1"]

1. d4 Nf6 2. Nf3 e6 3. Bf4 c5 4. c3 b6 5. e3 Be7 6. h3 O-O 7. Nbd2 d6 8. Bd3 Ba6 9. Bxa6 Nxa6 10. O-O Nc7 11. e4 cxd4 12. cxd4 Rc8 13. Qa4 Qd7 14. Qxd7 Nxd7 15. Rfc1 Na6 16. a3 d5 17. exd5 exd5 18. Nf1 b5 19. Ne3 Nb6 20. Nf5 Bf6 21. b3 Rxc1+ 22. Rxc1 Rc8 23. Re1 Rd8 24. g4 g6 25. Ne7+ Kf8 26. Nc6 Rd7 27. g5 Bg7 28. Nfe5 Rc7 29. h4 f6 30. Nxg6+ hxg6 31. Bd6+ Kg8 32. Bxc7 Nxc7 33. Re7 Nba8 34. Rd7 fxg5 35. hxg5 Bf8 36. b4 Ne6 37. Rxd5 Nb6 38. Rxb5 Nc4 39. a4 a6 40. Rb8 Nxg5 41. Kg2 Kf7 42. b5 axb5 43. a5 Nxa5 44. Nxa5 Ne6 45. Nc6 b4 46. Kf3 Kf6 47. Ke4 Bd6 48. Rb6 Ng5+ 49. Kd5 Bf4 50. Ne5+ Kf5 51. Nxg6 Bd2 52. Ne7+ Kg4 53. Nc6 Nh3 54. Nxb4 Nf4+ 55. Kc4 Kf3 56. d5 Kxf2 57. d6 Ne6 58. d7 Nd8 59. Nc6 1-0

[Event "CCT Play-in Chessable Masters 2024"]
[Site "Online"]
[Date "2024.01.31"]
[Round "4"]
[White "SpeedofLight0"]
[Black "Demchenko, Anton"]
[Result "1/2-1/2"]
[WhiteElo "2480"]
[BlackElo "2609"]
[Annotator "RC"]
[PlyCount "120"]
[EventDate "2024.01.26"]
[EventType "swiss"]
[EventCountry "NET"]
[SourceTitle "playchess.com"]
[Source "ChessBase"]
[SourceQuality "1"]

1. e4 e5 2. Nf3 Nc6 3. Bb5 a6 4. Ba4 Nge7 5. c3 Ng6 6. d4 exd4 7. cxd4 Bb4+ 8. Nc3 d5 9. exd5 Bxc3+ 10. bxc3 Qxd5 11. O-O O-O 12. h3 Na5 13. Re1 b5 14. Bc2 Bf5 15. a4 Bxc2 16. Qxc2 Nc4 17. Qe4 Qxe4 18. Rxe4 c6 19. Nd2 Nb6 20. Ba3 Rfe8 21. Rxe8+ Rxe8 22. a5 Na4 23. c4 Nf4 24. d5 cxd5 25. cxb5 axb5 26. Bd6 Ne6 27. Rb1 Nc3 28. Ra1 Ra8 29. Nb3 f6 30. Bb4 d4 31. Re1 Kf7 32. Nxd4 Nxd4 33. Re7+ Kg6 34. Bxc3 Nc6 35. Rb7 Nxa5 36. Rxb5 Nc4 37. Rd5 Ra3 38. Bb4 Rb3 39. Ba5 h5 40. h4 Rb1+ 41. Kh2 Rb2 42. Kg3 Ra2 43. Bb4 Ra4 44. Bf8 Ra8 45. Bb4 Rb8 46. Be7 Rb3+ 47. Kh2 Ne5 48. f3 Nc4 49. Rd7 Rb8 50. Bc5 Rc8 51. Bd4 Rc6 52. Kg3 Rd6 53. Rxd6 Nxd6 54. Kf4 Nf5 55. Bf2 Ne7 56. g4 hxg4 57. fxg4 Kf7 58. h5 Nd5+ 59. Kg3 Ne7 60. Be3 Nc6 1/2-1/2

[Event "CCT Play-in Chessable Masters 2024"]
[Site "Online"]
[Date "2024.01.31"]
[Round "4"]
[White "js20000"]
[Black "GABUZYAN_CHESSMOOD"]
[Result "1-0"]
[WhiteElo "2478"]
[BlackElo "2542"]
[Annotator "NA"]
[PlyCount "51"]
[EventDate "2024.01.26"]
[EventType "swiss"]
[EventCountry "NET"]
[SourceTitle "playchess.com"]
[Source "ChessBase"]
[SourceQuality "1"]

1. d4 Nf6 2. c4 c5 3. d5 b5 4. cxb5 a6 5. bxa6 Bxa6 6. Nc3 d6 7. e4 Bxf1 8. Kxf1 g6 9. g3 Bg7 10. Kg2 O-O 11. Nf3 Qb6 12. Nd2 Na6 13. Nc4 Qb4 14. Qe2 Nc7 15. Bd2 Rfb8 16. b3 Qb7 17. Rad1 Nd7 18. Rhe1 Qa6 19. Na4 Nb5 20. Na5 Nd4 21. Qxa6 Rxa6 22. Bc3 Nxb3 23. Nc6 Rxa4 24. Nxb8 Rxa2 25. Nxd7 Bxc3 26. Re3 1-0

[Event "CCT Play-in Chessable Masters 2024"]
[Site "Online"]
[Date "2024.01.31"]
[Round "4"]
[White "Cardoso Cardoso, Jose Gabriel"]
[Black "Demidov, Mikhail"]
[Result "1-0"]
[WhiteElo "2477"]
[BlackElo "2546"]
[Annotator "RC"]
[PlyCount "139"]
[EventDate "2024.01.26"]
[EventType "swiss"]
[EventCountry "NET"]
[SourceTitle "playchess.com"]
[Source "ChessBase"]
[SourceQuality "1"]

1. e4 Nf6 2. e5 Nd5 3. c4 Nb6 4. d4 d6 5. exd6 cxd6 6. Nc3 g6 7. a4 Bg7 8. a5 N6d7 9. Nf3 Nc6 10. d5 Nxa5 11. Ra3 Qb6 12. Qa4 Nc6 13. dxc6 bxc6 14. Be2 O-O 15. O-O Bb7 16. b4 Qc7 17. Be3 a6 18. Qc2 Rfb8 19. Rb3 Bc8 20. Re1 Nf6 21. h3 a5 22. b5 a4 23. Rb4 cxb5 24. Rxb5 a3 25. Qa2 Be6 26. Nd4 Bd7 27. Rxb8+ Qxb8 28. Rb1 Qc7 29. Ncb5 Qa5 30. Bf3 Rb8 31. Qxa3 Qxa3 32. Nxa3 Rxb1+ 33. Nxb1 Kf8 34. Nc3 Bc8 35. Nd5 Nd7 36. Nc6 e6 37. Nb6 Nxb6 38. Bxb6 Ba6 39. c5 dxc5 40. Bxc5+ Ke8 41. Nb4 Bc8 42. Bc6+ Kd8 43. Bd6 Bc3 44. Nd3 f6 45. Nc5 Bd4 46. Nb7+ Bxb7 47. Bxb7 Kd7 48. Ba3 Bb6 49. Kf1 f5 50. Ke2 Ba7 51. f3 Bb8 52. Kd3 Be5 53. Kc4 h5 54. Kb5 Bd6 55. Bc6+ Ke7 56. Bxd6+ Kxd6 57. Be8 h4 58. Bxg6 Ke5 59. Bf7 Kf6 60. Bg8 e5 61. Kc4 Kg5 62. Kd3 Kf4 63. Be6 e4+ 64. Ke2 Ke5 65. Bc8 Kf4 66. fxe4 fxe4 67. Bg4 Kg3 68. Ke3 Kxg2 69. Kxe4 Kg3 70. Kf5 1-0

[Event "CCT Play-in Chessable Masters 2024"]
[Site "Online"]
[Date "2024.01.31"]
[Round "4"]
[White "Klekowski, Maciej"]
[Black "Dominguez Perez, Leinier"]
[Result "0-1"]
[WhiteElo "2477"]
[BlackElo "2752"]
[Annotator "TA"]
[PlyCount "96"]
[EventDate "2024.01.26"]
[EventType "swiss"]
[EventCountry "NET"]
[SourceTitle "playchess.com"]
[Source "ChessBase"]
[SourceQuality "1"]

1. c4 Nf6 2. Nc3 e6 3. Nf3 d5 4. e3 b6 5. b3 Bb7 6. Bb2 Nbd7 7. Qc2 a6 8. Be2 Bd6 9. O-O O-O 10. d4 Qe7 11. Rad1 Rac8 12. Nd2 c5 13. dxc5 Nxc5 14. cxd5 Nxd5 15. Nc4 Nb4 16. Qb1 Bc7 17. a3 Nd5 18. b4 Nxc3 19. Bxc3 Ne4 20. Ba1 Qh4 21. f4 b5 22. Nd2 Nxd2 23. Rxd2 Bb6 24. Bd4 Bxd4 25. Rxd4 Rc3 26. Bd3 g6 27. e4 Rfc8 28. Qb2 Qe7 29. Rd1 Qc7 30. Qf2 Rc1 31. Bb1 Qc3 32. h4 Qxa3 33. Kh2 Rxd1 34. Rxd1 Qxb4 35. f5 exf5 36. exf5 Qe7 37. fxg6 hxg6 38. Ba2 Rf8 39. Qg3 Be4 40. Re1 Qb7 41. Qf4 Bd5 42. Bb1 Rc8 43. h5 Qc7 44. Re8+ Kg7 45. Re5 Re8 46. h6+ Kh7 47. Rf5 Qxf4+ 48. Rxf4 Kxh6 0-1

[Event "CCT Play-in Chessable Masters 2024"]
[Site "Online"]
[Date "2024.01.31"]
[Round "4"]
[White "Gascon Del Nogal, Jose Rafael"]
[Black "yobdc"]
[Result "1-0"]
[WhiteElo "2475"]
[BlackElo "2332"]
[Annotator "RC"]
[PlyCount "59"]
[EventDate "2024.01.26"]
[EventType "swiss"]
[EventCountry "NET"]
[SourceTitle "playchess.com"]
[Source "ChessBase"]
[SourceQuality "1"]

1. e4 e5 2. Nf3 Nc6 3. Nc3 Nf6 4. Bb5 Nd4 5. O-O Nxb5 6. Nxb5 a6 7. Nc3 d6 8. d4 exd4 9. Nxd4 Be7 10. h3 O-O 11. Qf3 Re8 12. Rd1 Nd7 13. Nd5 Bf8 14. Nf5 Ne5 15. Qg3 Kh8 16. h4 c6 17. Nc3 g6 18. Ne3 h5 19. b3 Qc7 20. Bb2 Bg7 21. Qg5 Bg4 22. Nxg4 Nxg4 23. Qf4 Re6 24. f3 Qb6+ 25. Kh1 Nf2+ 26. Kh2 Be5 27. Na4 Qc7 28. Bxe5+ dxe5 29. Qh6+ Kg8 30. Rd2 1-0

[Event "CCT Play-in Chessable Masters 2024"]
[Site "Online"]
[Date "2024.01.31"]
[Round "4"]
[White "Vasquez Schroeder, Rodrigo"]
[Black "Mishra, Abhimanyu"]
[Result "1/2-1/2"]
[WhiteElo "2475"]
[BlackElo "2627"]
[Annotator "RC"]
[PlyCount "124"]
[EventDate "2024.01.26"]
[EventType "swiss"]
[EventCountry "NET"]
[SourceTitle "playchess.com"]
[Source "ChessBase"]
[SourceQuality "1"]

1. e4 c5 2. Nf3 d6 3. d4 cxd4 4. Nxd4 Nf6 5. Nc3 a6 6. Bg5 Nbd7 7. Bc4 Qb6 8. Bb3 e6 9. Bxf6 Nxf6 10. Qd2 Nd7 11. O-O-O Nc5 12. f4 Bd7 13. g4 O-O-O 14. g5 h6 15. h4 Kb8 16. f5 g6 17. f6 Bc6 18. Rhe1 hxg5 19. hxg5 Rc8 20. Kb1 Rh4 21. Qg2 Ka8 22. Nxc6 bxc6 23. Rh1 Rxh1 24. Qxh1 Nxb3 25. axb3 d5 26. Qh7 Qb7 27. Qh4 Bd6 28. Na4 Qb4 29. Qf2 Rb8 30. Rd4 Bc5 31. Nxc5 Qxc5 32. Qd2 Rb6 33. exd5 cxd5 34. c4 Rxb3 35. cxd5 exd5 36. Rxd5 Qc4 37. Rd4 Qf1+ 38. Ka2 Rb8 39. Rd7 Qc4+ 40. Kb1 Qf1+ 41. Qd1 Qxd1+ 42. Rxd1 Rb5 43. Rd7 Rxg5 44. Rxf7 Rf5 45. Kc2 g5 46. Kd3 Rf4 47. Ke3 a5 48. b3 Kb8 49. Rf8+ Kb7 50. f7 Ka7 51. Kd3 g4 52. Ke3 Rf6 53. Kd4 g3 54. Ke5 Rf2 55. Ke6 Re2+ 56. Kd5 Rf2 57. Kc4 g2 58. Rg8 Rxf7 59. Rxg2 Rf4+ 60. Kc3 Kb6 61. Rg5 Re4 62. Rh5 Rf4 1/2-1/2

[Event "CCT Play-in Chessable Masters 2024"]
[Site "Online"]
[Date "2024.01.31"]
[Round "4"]
[White "adotand"]
[Black "Petrosyan, Manuel"]
[Result "0-1"]
[WhiteElo "2453"]
[BlackElo "2627"]
[Annotator "RC"]
[PlyCount "194"]
[EventDate "2024.01.26"]
[EventType "swiss"]
[EventCountry "NET"]
[SourceTitle "playchess.com"]
[Source "ChessBase"]
[SourceQuality "1"]

1. e4 e5 2. Nf3 Nc6 3. Bb5 a6 4. Ba4 Nf6 5. O-O Be7 6. d3 b5 7. Bb3 d6 8. c3 O-O 9. h3 Bb7 10. Re1 Na5 11. Bc2 c5 12. Nbd2 Nc6 13. Nf1 Re8 14. Bg5 h6 15. Bxf6 Bxf6 16. Ne3 Ne7 17. a4 g6 18. Bb3 h5 19. Qe2 d5 20. Red1 Qd6 21. Nd2 d4 22. Nc2 Kg7 23. axb5 axb5 24. Rxa8 Rxa8 25. Na3 Rxa3 26. bxa3 dxc3 27. Nf3 c4 28. dxc4 Qxa3 29. Rb1 b4 30. c5 Qa6 31. Qe3 Bc8 32. Ne1 Nc6 33. Nc2 Qb5 34. Rd1 Nd4 35. Nxd4 exd4 36. Rxd4 Qxc5 37. e5 Bxe5 38. Rd7 Qxe3 39. Rxf7+ Kh6 40. fxe3 Bf5 41. Re7 Bf6 42. Rc7 Be5 43. Rc5 Bd6 44. Rc6 Bg3 45. Rc4 Bd3 46. Rc6 Kg7 47. Rb6 Kh6 48. Rc6 h4 49. Rc5 Kg7 50. e4 Bxe4 51. Kf1 Bd3+ 52. Kg1 Kf6 53. Rc6+ Ke5 54. Rb6 Be1 55. Rxb4 c2 56. Bxc2 Bxc2 57. Rb5+ Kf6 58. Rc5 Bf5 59. Rc1 Bg3 60. Rc6+ Ke5 61. Rc4 Be4 62. Ra4 g5 63. Rb4 Kf5 64. Rb3 Be5 65. Ra3 Bd4+ 66. Kh2 Be5+ 67. Kg1 Kf4 68. Rb3 Bd4+ 69. Kh2 Bd5 70. Rd3 Ke4 71. Ra3 Be5+ 72. Kg1 Kf5 73. Kh1 Be4 74. Rb3 Bc2 75. Ra3 Ke4 76. Kg1 Bd3 77. Ra5 Bf4 78. Ra4+ Ke3 79. Ra3 Ke2 80. Ra2+ Bd2 81. Rb2 Bc4 82. Rc2 Bd5 83. Rb2 Bf7 84. Rc2 Ke1 85. Rc7 Be3+ 86. Kh1 Bd5 87. Rc2 Be4 88. Rb2 Kf1 89. Ra2 Bc5 90. Ra1+ Kf2 91. Ra2+ Kg3 92. Rb2 Be3 93. Re2 Kf4 94. Ra2 Bd5 95. Rb2 Kg3 96. Rc2 g4 97. Rc3 Bxg2# 0-1

[Event "CCT Play-in Chessable Masters 2024"]
[Site "Online"]
[Date "2024.01.31"]
[Round "4"]
[White "BrandonJacobson"]
[Black "Shevchenko, Kirill"]
[Result "0-1"]
[WhiteElo "2426"]
[BlackElo "2651"]
[Annotator "RC"]
[PlyCount "136"]
[EventDate "2024.01.26"]
[EventType "swiss"]
[EventCountry "NET"]
[SourceTitle "playchess.com"]
[Source "ChessBase"]
[SourceQuality "1"]

1. Nf3 Nf6 2. c4 e6 3. Nc3 d5 4. e3 Bd6 5. b3 O-O 6. Bb2 Re8 7. Nb5 Bf8 8. Bxf6 gxf6 9. cxd5 a6 10. Nc3 exd5 11. Be2 f5 12. g3 c6 13. Qc2 Bg7 14. d4 Qf6 15. O-O Nd7 16. Bd3 Nf8 17. Ne2 Ng6 18. b4 Bd7 19. a4 Bf8 20. Rab1 b5 21. Nf4 Bd6 22. Qc3 Kh8 23. Bc2 Rg8 24. Kh1 Qg7 25. Rg1 Qh6 26. Nd3 f6 27. Nc5 Bc8 28. Ra1 Qh5 29. Bd1 Qh3 30. axb5 cxb5 31. Bb3 Ne7 32. Qd2 Qg4 33. Ne1 f4 34. exf4 Bf5 35. f3 Qh3 36. Qf2 Rg7 37. Ng2 h5 38. Ne3 h4 39. Nxd5 Nxd5 40. Bxd5 Raa7 41. Be4 Bc8 42. Qg2 Rxg3 43. Qxh3 Rxg1+ 44. Rxg1 Bxh3 45. Rg6 a5 46. Rh6+ Kg8 47. Rxh4 Bc8 48. Bd5+ Kg7 49. bxa5 Rxa5 50. Ne4 Be7 51. Ng3 b4 52. Be4 f5 53. Rh5 Ra1+ 54. Kg2 fxe4 55. fxe4 Ra2+ 56. Kf3 Ra3+ 57. Kg2 Bg4 58. Rb5 Ra2+ 59. Kg1 Kf7 60. f5 Rb2 61. e5 Bg5 62. Rb7+ Ke8 63. f6 Bh3 64. Nf1 Rg2+ 65. Kh1 Rf2 66. Ng3 Rb2 67. Rb8+ Kd7 68. Ne2 Rxe2 0-1